000 00790cab a2200217 4500
001 WB2740-42
008 090401t1991 xxu||||| |||| 00| 0 eng d
035 _a(Sirsi) u13947
041 _aeng
245 2 _aA well kept Scottish secret
260 _c1991
350 _a0
490 _aEstate Agency News
_v(680 October 1991, 1(1)
520 _aDiscusses a recent Scottish case "SEAL v McIver" currently under appeal to the Court of Session in Edinburgh scheduled to be heard in January 1992 relating to the interpretation of Estate Agents Act 1979 s18(2)(a).
650 _aADVERTISING EXPENDITURE
650 _aBURLING MORRISION
650 _aESTATE AGENTS ACT 1979 S18(2)(A)
690 _aMANAGEMENT-BUSINESS MANAGEMENT-PROFESSIONAL PRACTICE
942 _n0
948 _c04/03/1997
999 _c9017
_d9017